Engineering for Dairy and Food Products (Record no. 2512)

MARC details
000 -LEADER
fixed length control field 00277nam a22001217a 4500
041 ## - LANGUAGE CODE
Language code of text/sound track or separate title ENG
100 ## - MAIN ENTRY--PERSONAL NAME
Personal name Farrall.A.W
245 ## - TITLE STATEMENT
Title Engineering for Dairy and Food Products
260 ## - PUBLICATION, DISTRIBUTION, ETC. (IMPRINT)
Place of publication, distribution, etc New York
Name of publisher, distributor, etc John Wiley and Sons
Date of publication, distribution, etc 1963
300 ## - PHYSICAL DESCRIPTION
Extent 674
650 ## - SUBJECT ADDED ENTRY--TOPICAL TERM
Topical term or geographic name as entry element APE
856 ## - ELECTRONIC LOCATION AND ACCESS
Uniform Resource Identifier APE ( 3 )
Holdings
Withdrawn status Lost status Source of classification or shelving scheme Damaged status Not for loan Home library Current library Shelving location Date acquired Cost, normal purchase price Total Checkouts Barcode Date last seen Price effective from Koha item type Date checked out
    Dewey Decimal Classification     College of Agricultural Engineering and Technology, Dapoli , Library College of Agricultural Engineering and Technology, Dapoli , Library Book Cart 25/10/2021 9712.50   005544 25/10/2021 25/10/2021 Books  
    Dewey Decimal Classification     College of Agricultural Engineering and Technology, Dapoli , Library College of Agricultural Engineering and Technology, Dapoli , Library Book Cart 13/12/2021   1 Z00053 27/10/2023 13/12/2021 Books 23/10/2023
    Dewey Decimal Classification     College of Agricultural Engineering and Technology, Dapoli , Library College of Agricultural Engineering and Technology, Dapoli , Library Book Cart 13/12/2021     Z00054 13/12/2021 13/12/2021 Books  

Contact Us: College of Agricultural Engineering and Technology, Dapoli, Dist.- Ratnagiri
Website: https://dbskkv.org Email: caetlibrary2015@gmail.com